000 00353nam a22001457a 4500
008 210517b ||||| |||| 00| 0 eng d
020 _a2900618123536
041 _aeng
080 _22nd
_a070
082 _a070
100 _a39
101 _aMED
245 _aPublic Speaking Connecting you and your Audience
_cPaticia H. Andrews
942 _2udc
_cBK
999 _c57365
_d57365